<?xml version="1.0" encoding="utf-8"?>
<?xml-stylesheet type='text/xsl' href='./oai2.xsl'?>
<OAI-PMH xmlns="http://www.openarchives.org/OAI/2.0/" xmlns:xsi="http://www.w3.org/2001/XMLSchema-instance" xsi:schemaLocation="http://www.openarchives.org/OAI/2.0/ http://www.openarchives.org/OAI/2.0/OAI-PMH.xsd">
  <responseDate>2026-04-30T05:45:23Z</responseDate>
  <request verb="GetRecord" metadataPrefix="marcxml" identifier="isil_DE-4414_1907932461">https://kulturerbe.niedersachsen.de/oai</request>
  <GetRecord>
    <record>
      <header>
        <identifier>isil_DE-4414_1907932461</identifier>
        <datestamp>2025-01-16T10:19:27Z</datestamp>
        <setSpec>slg0291</setSpec>
      </header>
      <metadata>
        <marc:record xmlns:marc="http://www.loc.gov/MARC21/slim" xsi:schemaLocation="http://www.loc.gov/MARC21/slim http://www.loc.gov/standards/marcxml/schema/MARC21slim.xsd">
          <marc:leader>12345nam  22     uu 4500</marc:leader>
          <marc:controlfield tag="001">1907932461</marc:controlfield>
          <marc:controlfield tag="005">2025-01-16T12:29:58.838+01:00</marc:controlfield>
          <marc:controlfield tag="008">s           |||||||||||||||||ger||</marc:controlfield>
          <marc:datafield tag="245" ind1="1" ind2="0">
            <marc:subfield code="a">Politische Geographie : mit 47 Kartenskizzen</marc:subfield>
          </marc:datafield>
          <marc:datafield tag="720" ind1=" " ind2=" ">
            <marc:subfield code="a">Ratzel, Friedrich</marc:subfield>
          </marc:datafield>
          <marc:datafield tag="655" ind1=" " ind2="7">
            <marc:subfield code="a">Druckschriften</marc:subfield>
          </marc:datafield>
          <marc:datafield tag="260" ind1=" " ind2=" ">
            <marc:subfield code="a">München und Berlin</marc:subfield>
            <marc:subfield code="a">München</marc:subfield>
            <marc:subfield code="b">R. Oldenbourg</marc:subfield>
            <marc:subfield code="c">1923</marc:subfield>
            <marc:subfield code="c">1923</marc:subfield>
          </marc:datafield>
          <marc:datafield tag="300" ind1=" " ind2=" ">
            <marc:subfield code="a">XV, 626 Seiten</marc:subfield>
          </marc:datafield>
          <marc:datafield tag="520" ind1=" " ind2=" ">
            <marc:subfield code="a">Die Digitalisierung erfolgte in Kooperation mit der Historischen Bibliothek des Domgymnasiums Verden und wurde vom Niedersächsischen Ministerium für Wissenschaft und Kultur (Programm „Pro*Niedersachsen – Kulturelles Erbe – Forschung und Vermittlung in ganz Niedersachsen“) gefördert.</marc:subfield>
          </marc:datafield>
          <marc:datafield tag="773" ind1="0" ind2=" ">
            <marc:subfield code="t">Weltwissen als Schulwissen. Geografische Wissensbestände des Kolonialismus in niedersächsischen Schulbibliotheken</marc:subfield>
          </marc:datafield>
          <marc:datafield tag="852" ind1=" " ind2=" ">
            <marc:subfield code="a">Bibliothek des Domgymnasiums Verden</marc:subfield>
          </marc:datafield>
          <marc:datafield tag="" ind1=" " ind2=" ">
            <marc:subfield code="a">Public Domain Mark 1.0</marc:subfield>
          </marc:datafield>
        </marc:record>
      </metadata>
    </record>
  </GetRecord>
</OAI-PMH>
